La integración económica centroaméricana y su impacto regional /
שמור ב:
| מחבר ראשי: | |
|---|---|
| פורמט: | Texto |
| נושאים: | |
| תגים: |
הוספת תג
אין תגיות, היה/י הראשונ/ה לתייג את הרשומה!
|
MARC
| LEADER | 00000 a a2200000 04500 | ||
|---|---|---|---|
| 001 | 44145 | ||
| 003 | |||
| 040 | |||
| 100 | |a Torres Rivas, Edelberto | ||
| 245 | |a La integración económica centroaméricana y su impacto regional / |c Edelberto Torres Rivas | ||
| 650 | |a INTEGRACION ECONOMICA | ||
| 650 | |a AMERICA CENTRAL | ||
| 650 | |a INDUSTRIA | ||
| 773 | |g volumen37, número3 (1975), Páginas 631-654 | ||
| 999 | |c 21529 |d 21529 | ||
